| 000 | 00626nam a22002297a 4500 | ||
|---|---|---|---|
| 999 |
_c66 _d66 |
||
| 003 | OSt | ||
| 005 | 20220922170547.0 | ||
| 008 | 140701b xxu||||| |||| 00| 0 eng d | ||
| 020 | _a0443101191 | ||
| 040 | _cLDC | ||
| 082 | _aQS4 B634c 2005 | ||
| 100 |
_aBogduk, Nikolai; Endres, Steve _9197 |
||
| 245 | _aClinical Anatomy of the Lumbar Spine and Sacrum | ||
| 250 | _a4th ed. | ||
| 260 |
_aLondon : _bElsevier Churchill Livingstone , _c2005. |
||
| 300 |
_axii, 250 p. : _bcol. ill _c26 cm. |
||
| 504 | _aIncludes index | ||
| 650 |
_aAnatomy _9124 |
||
| 650 |
_aSpine _916355 |
||
| 650 |
_aSacrum _916356 |
||
| 942 |
_2z _cO_SHELF |
||